[Event "I American Continental"]
[Site "Cali COL"]
[Date "2001.08.19"]
[Round "10"]
[White "Campora,D"]
[Black "Araque,R"]
[Result "1-0"]
[WhiteElo "2506"]
[BlackElo "2388"]

1.e4 d5 2.exd5 Qxd5 3.Nc3 Qd6 4.Nf3 Nf6 5.g3 Bg4 6.Bg2 Nc6 7.h3 Bh5 8.d3 O-O-O
9.g4 Bg6 10.Be3 e5 11.Nh4 Qe6 12.Nxg6 hxg6 13.Qf3 Bb4 14.O-O Bxc3 15.bxc3 Nd5
16.c4 Nxe3 17.fxe3 Rd7 18.Rab1 Rf8 19.Qg3 Nd8 20.Rb5 Re8 21.h4 a6 22.Rbb1 f5
23.Bd5 Qf6 24.Be4 Rh8 25.gxf5 Qxh4 26.Qxh4 Rxh4 27.fxg6 Rxe4 28.dxe4 Rd6
29.Rf8 Rxg6+ 30.Kf2 Rf6+ 31.Rxf6 gxf6 32.Kf3 Nf7 33.Kg4 Nd6 34.c5 Nxe4 35.c6 Nd6
36.cxb7+ Kb8 37.Rb3 f5+ 38.Kg5 f4 39.exf4 exf4 40.Kxf4  1-0

[Event "WJun Women"]
[Site "Athens GRE"]
[Date "2001.08.20"]
[Round "5"]
[White "Zuriel,M"]
[Black "Korbut,E"]
[Result "1-0"]
[WhiteElo "2202"]
[BlackElo "2413"]

1.e4 d5 2.exd5 Qxd5 3.Nc3 Qd6 4.Nf3 Nf6 5.d4 a6 6.h3 Bf5 7.Bc4 Nc6 8.Be3 e6
9.O-O O-O-O 10.Qe2 Nb4 11.Ne5 Bg6 12.Bb3 Be7 13.Rfe1 Nd7 14.Nc4 Qc6 15.Na5 Qb6
16.Nc4 Qa7 17.d5 Bc5 18.dxe6 fxe6 19.Bg5 Rdf8 20.Bh4 Nd5 21.Rad1 Nf4 22.Qd2 Rf7
23.Ne5 Nd5 24.Nxf7 Bxf7 25.Nxd5 exd5 26.Bxd5 Bh5 27.Bf3 Nf6 28.Bxh5  1-0

[Event "Open"]
[Site "Lisbon POR"]
[Date "2001.08.25"]
[Round "5"]
[White "Galego,L"]
[Black "Sulava,N"]
[Result "1/2-1/2"]
[WhiteElo "2467"]
[BlackElo "2531"]

1.e4 d5 2.exd5 Qxd5 3.Nc3 Qd6 4.Nf3 Nf6 5.h3 g6 6.Bc4 Bg7 7.O-O O-O 8.d3 Nc6
9.a3 b6 10.Re1 Bb7 11.Bg5 Rae8 12.Qe2 e5 13.Bxf6 Qxf6 14.Bd5 Nd8 15.Bxb7 Nxb7
16.Rad1 Nd6  1/2-1/2

[Event "Open"]
[Site "Lisbon POR"]
[Date "2001.08.27"]
[Round "7"]
[White "Durao,J"]
[Black "Dubois,M"]
[Result "1-0"]
[WhiteElo "2118"]
[BlackElo "2029"]

1.e4 d5 2.exd5 Qxd5 3.Nc3 Qd6 4.d4 Nf6 5.Nb5 Qd8 6.Bf4 Nd5 7.Qf3 e6 8.Bc4 c6
9.Bxd5 Qa5+ 10.c3 Qxb5 11.Bb3 a5 12.O-O-O a4 13.Bc2 Nd7 14.Bd3 Qa5 15.Ne2 Nf6
16.c4 Bd7 17.g4 b5 18.c5 a3 19.b3 Be7 20.Bd2 b4 21.Kb1 Nd5 22.Be4 Qb5 23.Nf4 Nc7
24.Nd3 Bf6 25.Nxb4 Bxd4 26.Nxc6 Bxc5 27.Ne5 O-O 28.Nxd7 Qxd7 29.Bxa8 Nxa8
30.Be3 Qa7 31.Bxc5 Qxc5 32.Qe3 Qc6 33.Rc1 Qb7 34.Rhd1 Nb6 35.Qc5 Qe4+ 36.Qc2 Qxg4
37.Rg1 Qf4 38.Rg3 Nd5 39.Rcg1 g6 40.h3 Nb4 41.Rg4 Qxg4 42.Rxg4 Nxc2 43.Kxc2 Ra8
44.Ra4 Rc8+ 45.Kd2 Rd8+ 46.Ke2 Rc8 47.Rxa3 Rc3 48.h4 Kg7 49.Ra7 h6 50.b4 Rc4
51.b5 Rxh4 52.b6 Rb4 53.b7 Kf6 54.a4 e5 55.a5 Kf5 56.a6 Ke4 57.Ra8 Rb2+ 58.Kd1  1-0

[Event "Schwarzach Open A"]
[Site "Salzburg AUT"]
[Date "2001.08.27"]
[Round "3"]
[White "Maier,A"]
[Black "Medvegy,Z"]
[Result "0-1"]
[WhiteElo "2378"]
[BlackElo "2430"]

1.e4 d5 2.exd5 Qxd5 3.Nc3 Qd6 4.d4 Nf6 5.Nf3 a6 6.g3 Bg4 7.Bg2 Nc6 8.O-O O-O-O
9.d5 Nb4 10.Bf4 Qc5 11.Be3 Qa5 12.Bd2 Nbxd5 13.Ne4 Qa4 14.Neg5 Bh5 15.b3 Qe8
16.c4 Nb4 17.Qe2 Nc6 18.Bc3 e6 19.Qb2 h6 20.Nh3 Ne4 21.Bxg7 Bxg7 22.Qxg7 Bxf3
23.Bxf3 Nd2 24.Bg2 Nxf1 25.Rxf1 Qf8 26.Qf6 Qe7 27.Qb2 e5 28.Qe2 f6 29.Qe3 Qd6
30.Qe4 Kb8 31.Qh4 f5 32.Qh5 Rhf8 33.Kh1 Nb4 34.Qe2 Nd3 35.Qe3 c6 36.Ng1 f4
37.Qe2 fxg3 38.hxg3 Qc5 39.Nh3 Qd4 40.Kh2 Qb2 41.Qe3 Qd4 42.Qe2 Ka8 43.Be4 h5
44.Rd1 Nf4 45.Rxd4 Nxe2 46.Rxd8+ Rxd8 47.Bf3 Nc1 48.Bxh5 Nxa2 49.g4 Nc1 50.g5 Nxb3
51.Bf7 Nd4 52.g6 Nf5 53.Ng5 a5 54.c5 a4 55.Kh3 a3 56.Ba2 Rd2 57.Bc4 a2 58.Bxa2 Rxa2
59.Ne4 Re2 60.f3 Ng7 61.Ng3 Rf2  0-1

[Event "WJun"]
[Site "Athens GRE"]
[Date "2001.08.29"]
[Round "13"]
[White "Sigalas,F"]
[Black "Bitansky,I"]
[Result "1/2-1/2"]
[WhiteElo "2125"]
[BlackElo "2363"]

1.e4 d5 2.exd5 Qxd5 3.Nc3 Qd8 4.d4 g6 5.Bc4 Bg7 6.Nge2 Nh6 7.O-O Nf5 8.Be3 O-O
9.Qd2 Nd7 10.Rad1 c6 11.Rfe1 Nxe3 12.Qxe3 Nb6 13.Bb3 Nd5 14.Nxd5 cxd5 15.Nf4 e6
16.Nd3 a5 17.c3 Qb6 18.h4 h5 19.Bc2 Qc7 20.Qf3 Qd8 21.g3 Qf6 22.Qg2 Bh6 23.Ne5 Qg7  1/2-1/2

[Event "Open"]
[Site "Lisbon POR"]
[Date "2001.08.29"]
[Round "9"]
[White "Jonkman,H"]
[Black "Kogan,A"]
[Result "0-1"]
[WhiteElo "2468"]
[BlackElo "2517"]

1.e4 d5 2.exd5 Qxd5 3.Nc3 Qd8 4.d4 Nf6 5.Nf3 Bf5 6.Ne5 c6 7.Bc4 e6 8.g4 Bg6
9.h4 Nbd7 10.Qe2 Bb4 11.Rh3 Nb6 12.h5 Be4 13.Bd2 Qxd4 14.Nxe4 Qxe5 15.Nxf6+ gxf6
16.Bxb4 Nxc4 17.Bc3 Qxe2+ 18.Kxe2 e5 19.Rd3 Nb6 20.Bd2 Rg8 21.f3 f5 22.gxf5 Rg2+
23.Kf1 Rh2 24.Re1 Nc4 25.Bc3 Rd8 26.Re4 Rxd3 27.cxd3 Nd2+ 28.Bxd2 Rxd2 29.Rxe5+ Kf8
30.f6 Rxd3 31.Re7 Rxf3+ 32.Ke2 Rxf6 33.Rxb7 Re6+ 34.Kd3 Re7 35.Rb8+ Kg7 36.Rc8 Re6
37.Rc7 a5 38.b3 Rf6 39.Kc4 Kh6 40.a3 Kxh5 41.b4 a4 42.Kc5 Kg5 43.Rxc6 Rxc6+
44.Kxc6 h5 45.b5 h4 46.b6 h3 47.b7 h2 48.b8=Q h1=Q+ 49.Kd7 Qh3+ 50.Kc6 Qf3+
51.Kd7 Qd3+ 52.Kc6 f5 53.Qg8+ Kf4 54.Qh7 Kg3 55.Qg6+ Kf2 56.Qg5 Ke2 57.Qg2+ Kd1
58.Kb6 Qe3+ 59.Kc7 Qc3+ 60.Kb7 Qb3+ 61.Ka8 Qd3 62.Qg1+ Kd2 63.Qf2+ Kc3 64.Qc5+ Kb2
65.Qb4+ Ka2 66.Ka7 Qe3+ 67.Ka6 f4 68.Ka5 Qa7+ 69.Kb5 Qb7+ 70.Kc4 Qxb4+ 71.axb4 f3
72.Kd3 f2 73.Ke2 Kb3 74.b5 a3 75.b6 a2 76.b7 f1=Q+ 77.Kxf1 a1=Q+  0-1

[Event "Schwarzach Open A"]
[Site "Salzburg AUT"]
[Date "2001.08.30"]
[Round "6"]
[White "Giesen,D"]
[Black "Groeppel,P"]
[Result "1/2-1/2"]
[WhiteElo "2212"]
[BlackElo "2143"]

1.e4 d5 2.exd5 Qxd5 3.Nc3 Qd6 4.d4 Nf6 5.Nf3 a6 6.h3 Bf5 7.Bd3 Bxd3 8.Qxd3 Nc6
9.O-O h6 10.Ne2 O-O-O 11.Bf4 Qd7 12.Ne5 Nxe5 13.Bxe5 e6 14.Qf3 Be7 15.c4 Rhg8
16.b4 Qc6 17.Qb3 Nd7 18.Bg3 Nb6 19.Rac1 Qa4 20.Qf3 Rgf8 21.a3 Rd7 22.Be5 Bg5
23.Bf4  1/2-1/2

[Event "3rd Open"]
[Site "Glyfada GRE"]
[Date "2001.09.02"]
[Round "3"]
[White "Kofidis,A"]
[Black "Siamidis,D"]
[Result "1-0"]
[WhiteElo "2431"]
[BlackElo "2171"]

1.e4 d5 2.exd5 Qxd5 3.Nc3 Qd8 4.d4 Nf6 5.Nf3 Bg4 6.Be2 e6 7.h3 Bh5 8.O-O c6
9.Bf4 Nbd7 10.Ne5 Bg6 11.Nxg6 hxg6 12.Re1 Nb6 13.Bf3 Bb4 14.Qd3 O-O 15.a3 Bxc3
16.bxc3 Nfd5 17.Bg3 Ne7 18.a4 Nf5 19.a5 Nd5 20.Be5 Rc8 21.c4 Nf6 22.c5 Nh4
23.Bd6 Nxf3+ 24.Qxf3 Re8 25.Qb3 Qd7 26.Reb1 Rb8 27.Bxb8 Rxb8 28.Qg3 Rd8 29.c3 Ne4
30.Qe3 Nf6 31.Rb3 Qc7 32.Qg3 Qxg3 33.fxg3 Ne4 34.Re1 Nd2 35.Rxb7  1-0

[Event "TCh-YUG Women's Cup"]
[Site "Herceg Novi YUG"]
[Date "2001.09.04"]
[Round "2"]
[White "Kalevic,S"]
[Black "Medjedovic,J"]
[Result "1/2-1/2"]
[WhiteElo "2219"]
[BlackElo "2110"]

1.e4 d5 2.exd5 Qxd5 3.Nc3 Qd8 4.d4 Nf6 5.Nf3 c6 6.Be2 Bf5 7.Nh4 Bg6 8.Nxg6 hxg6
9.Qd3 Qc7 10.g3 e6 11.Bf3 Nbd7 12.Bg5 Be7 13.h4 O-O-O 14.O-O-O Ne5 15.Qe2 Nxf3
16.Qxf3 Rd7 17.Kb1  1/2-1/2

[Event "FSIMA September"]
[Site "Budapest HUN"]
[Date "2001.09.05"]
[Round "5"]
[White "Berczes,C"]
[Black "Appleberry,M"]
[Result "1/2-1/2"]
[WhiteElo "2316"]
[BlackElo "2283"]

1.e4 d5 2.exd5 Qxd5 3.Nc3 Qd8 4.d4 Nf6 5.Bc4 a6 6.a4 Nc6 7.Be3 e5 8.dxe5 Qxd1+
9.Rxd1 Nxe5 10.Bb3 Bg4 11.f3 Be6 12.Bxe6 fxe6 13.Nge2 Nc4 14.Bc1 Bc5 15.Nf4 O-O
16.Nd3 Bb6 17.b3 Ba5 18.bxc4 Bxc3+ 19.Bd2 Bd4 20.Rb1 b6 21.c3 Bc5 22.Nxc5 bxc5
23.Be3 Nd7 24.Ke2 Ne5 25.Bxc5 Rf5 26.Bd4 Nxc4 27.Rb7 Rc8 28.Rhb1 Rd5 29.Rb8 Rxb8
30.Rxb8+ Kf7 31.Rb7 Rd7 32.Ra7 e5 33.Be3 a5 34.Rb7 Ke6 35.f4 exf4 36.Bxf4 c6
37.Rb8 g6 38.Be3 Kd5 39.Bd4 Nd6 40.Ra8 Nc4 41.Rb8 Nd6 42.Ra8  1/2-1/2

[Event "III Sants Hostafrancs Open"]
[Site "Barcelona ESP"]
[Date "2001.09.07"]
[Round "7"]
[White "Jerez Perez,A"]
[Black "Pinazo Donoso,J"]
[Result "1-0"]
[WhiteElo "2370"]
[BlackElo "2155"]

1.e4 d5 2.exd5 Qxd5 3.Nc3 Qd6 4.g3 Nf6 5.Bg2 a6 6.Nge2 Nc6 7.d4 Bf5 8.O-O O-O-O
9.Bf4 Qd7 10.d5 Nb4 11.Qd4 Nbxd5 12.Qa7 Qc6 13.Nd4 Qb6 14.Qxb6 cxb6 15.Nxd5 Nxd5
16.Nxf5 Nxf4 17.gxf4 e6 18.Ne3 Bd6 19.f5 exf5 20.Nxf5 Rhe8  1-0

[Event "EYCC B16"]
[Site "Halkidiki GRE"]
[Date "2001.09.07"]
[Round "7"]
[White "Gjuran,D"]
[Black "Krysztofiak,M"]
[Result "1/2-1/2"]
[WhiteElo "2119"]
[BlackElo "2349"]

1.e4 d5 2.exd5 Qxd5 3.Nc3 Qd6 4.d4 Nf6 5.Bb5+ c6 6.Bc4 Bf5 7.Nge2 e6 8.a4 a5
9.O-O Qc7 10.Bf4 Bd6 11.Bxd6 Qxd6 12.Ng3 Bg6 13.Re1 O-O 14.Nce4 Nxe4 15.Nxe4 Qb4
16.b3 Nd7 17.Qf3 Rad8 18.c3 Qb6 19.Qg3 Bxe4 20.Rxe4 c5 21.Rg4 g6 22.dxc5 Nxc5
23.h4 Rd2  1/2-1/2

[Event "EYCC B14"]
[Site "Halkidiki GRE"]
[Date "2001.09.07"]
[Round "7"]
[White "Dorrington,C"]
[Black "Kolesnikov,E"]
[Result "1/2-1/2"]
[WhiteElo "2161"]
[BlackElo "2361"]

1.e4 d5 2.exd5 Qxd5 3.Nc3 Qd6 4.d4 Nf6 5.Nf3 Bg4 6.h3 Bh5 7.g4 Bg6 8.Ne5 Nc6
9.Bb5 O-O-O 10.Bxc6 bxc6 11.Qf3 Nd5 12.Bd2 Nb4 13.O-O-O Bxc2 14.Nb5 Qd5 15.Nxa7+ Kb7
16.Naxc6 Be4 17.Nxb4 Bxf3 18.Nxd5 Bxh1 19.Nxc7 Rc8 20.Rxh1 Rxc7+ 21.Bc3 e6
22.Kd2 Bd6 23.Nd3 Ra8 24.Ra1 Kc6 25.a4 Kd5 26.b4 Rca7 27.a5 Rb8 28.f4 h6
29.Rf1 f6 30.f5 e5 31.dxe5 fxe5 32.Ke3 Rc7 33.Bd2 Be7 34.Ke2 Rc2 35.Kd1 Ra2
36.Re1 Ra1+ 37.Bc1 Bxb4 38.Rxe5+ Kd4 39.Nxb4 Rxb4 40.Re2 Rc4 41.Rc2 Rxc2
42.Kxc2 Rxa5 43.Bb2+ Ke4 44.Bxg7 h5 45.gxh5 Rxf5 46.h6 Rh5 47.Kc3 Rxh3+ 48.Kc4  1/2-1/2

[Event "TCh-CRO"]
[Site "Pula CRO"]
[Date "2001.09.11"]
[Round "2"]
[White "Vujakovic,B"]
[Black "Zelcic,R"]
[Result "1/2-1/2"]
[WhiteElo "2372"]
[BlackElo "2534"]

1.e4 d5 2.exd5 Qxd5 3.Nc3 Qd6 4.Ne4 Qb6 5.Bc4 Bf5 6.Ng3 Bg6 7.h4 Nf6 8.d3 h6
9.N1e2 e5 10.h5 Bh7 11.Nc3 Bb4 12.O-O O-O 13.Nce4 Nbd7 14.Qf3 Nxe4 15.dxe4 Nf6
16.c3 Be7 17.Re1 Rad8 18.Nf5 Bxf5 19.Qxf5 a5 20.a4 Bc5 21.Kf1 Nh7 22.b3 Rd6
23.Be3 Bxe3 24.Rxe3 Rf6 25.Qxe5 Qxe3 26.Qxf6 Nxf6 27.fxe3 Rd8 28.e5 Ne4 29.e6 fxe6
30.Bxe6+ Kf8 31.Bg4 Nd2+ 32.Ke2 Nxb3 33.Rf1+ Ke7 34.Rf5 b6 35.Re5+ Kf8 36.Rf5+ Kg8
37.Bf3 Nc5 38.Bd5+ Kh7 39.Bc6 Rd6 40.Be8 Ne4 41.Rf8 Nxc3+ 42.Ke1 Rd1+ 43.Kf2  1/2-1/2

[Event "TCh-CRO"]
[Site "Pula CRO"]
[Date "2001.09.14"]
[Round "5"]
[White "Pavicic,Z"]
[Black "Zelcic,R"]
[Result "1-0"]
[WhiteElo "2420"]
[BlackElo "2534"]

1.e4 d5 2.exd5 Qxd5 3.Nc3 Qd6 4.d4 Nf6 5.Nf3 a6 6.Ne5 Nc6 7.Nxc6 Qxc6 8.d5 Qd6
9.Be2 b5 10.Bf3 Bb7 11.O-O Rd8 12.Bg5 g6 13.Qe2 b4 14.Nb5 axb5 15.Bxf6 Qxf6
16.Qxb5+ Bc6 17.dxc6 e6 18.c3 bxc3 19.bxc3 Bd6 20.Qc4 O-O 21.a4 Ra8 22.Rfd1 Ra5
23.Rd3 Rd8 24.Rad1 Qe7 25.g3 Rda8 26.Ra1 Rb8 27.Kg2 Qf8 28.Rad1 Rba8 29.Ra1 R8a7
30.Rd4 R7a6 31.Qd3 Kg7 32.h4 f5 33.Qc4 e5 34.Rd2 h5 35.Bd5 Qa8 36.Rda2 Rb6
37.Qd3 Rba6 38.Qd1 Qa7 39.c4 e4 40.Rb1 Be5 41.Rb7 Qc5 42.Rb5 Qe7 43.Qb3 Ra8
44.Qd1 Kh7 45.Rxa5 Rxa5 46.Qe1 Qc5 47.Qd2 Kg7 48.Qe1 Bd4 49.Qd2 Be5 50.Qe1 Qb6
51.Qd2 Ra8 52.a5 Qb3 53.Qe2 Kh7 54.a6 Bd4 55.Ra5 Qb6 56.Qa2 Kg7 57.Qa3 Kh6
58.Rb5 Qxa6 59.Qc1+ Kg7 60.Qf4 Qc8 61.Rb7 Ra7 62.Rxa7 Bxa7 63.Qe5+ Kh6 64.Qf6 f4  1-0

[Event "Boca Open"]
[Site "Buenos Aires ARG"]
[Date "2001.09.18"]
[Round "2"]
[White "Malbran,G"]
[Black "Giaccio,A"]
[Result "0-1"]
[WhiteElo "2356"]
[BlackElo "2458"]

1.e4 d5 2.exd5 Qxd5 3.Nc3 Qd6 4.d4 Nf6 5.Nf3 a6 6.Be3 b5 7.Qd2 Bb7 8.Be2 e6
9.a3 Nbd7 10.O-O Be7 11.Rad1 O-O 12.h3 Rfd8 13.Qc1 Rab8 14.a4 b4 15.Nb1 Nd5
16.Nbd2 Nxe3 17.fxe3 c5 18.Nc4 Qg3 19.Qd2 Bf6 20.Qe1 Qc7 21.b3 Nb6 22.Nxb6 Qxb6
23.Qg3 cxd4 24.Nxd4 Kh8 25.Kh1 Be4 26.Bd3 Bg6 27.Bxg6 hxg6 28.Qf2 Rbc8 29.Nf3 Qc5
30.Rxd8+ Rxd8 31.e4 Qxf2 32.Rxf2 Rd1+ 33.Kh2 Bc3 34.Re2 Kg8 35.Kg3 f6 36.Kf2 Kf7
37.Re3 e5 38.Ke2 Rc1 39.Kd3 Ke6 40.Re2 f5 41.Kc4 Kd6 42.Nh4 Rd1 43.Nf3  0-1

[Event "ch-Africa"]
[Site "Cairo EGY"]
[Date "2001.09.24"]
[Round "9"]
[White "Labib,I"]
[Black "Chahrani,I"]
[Result "1/2-1/2"]
[WhiteElo "2409"]
[BlackElo "2337"]

1.e4 d5 2.exd5 Qxd5 3.Nc3 Qd6 4.d4 Nf6 5.Nf3 Bg4 6.h3 Bh5 7.g4 Bg6 8.Ne5 c6
9.Bg2 Nbd7 10.f4 e6 11.O-O Be7 12.f5 exf5 13.Bf4 Nxe5 14.Bxe5 Qd7 15.d5 cxd5
16.Nxd5 Nxd5 17.Qxd5 Qxd5 18.Bxd5 O-O-O 19.c4 Bc5+ 20.Kg2 fxg4 21.hxg4 Rhe8
22.Rfe1 Bb4 23.Re3  1/2-1/2

[Event "ECC"]
[Site "Panormo GRE"]
[Date "2001.09.28"]
[Round "6"]
[White "Socko,B"]
[Black "Bitansky,I"]
[Result "1-0"]
[WhiteElo "2559"]
[BlackElo "2363"]

1.e4 d5 2.exd5 Qxd5 3.Nc3 Qd6 4.g3 Nf6 5.Bg2 c6 6.d4 Bf5 7.Nge2 e6 8.O-O Qc7
9.Re1 Bd6 10.d5 cxd5 11.Nd4 O-O 12.Nxf5 exf5 13.Bg5 Ne4 14.Nxd5 Qd7 15.Be3 Nc6
16.Qh5 Qe6 17.Rad1 Ne5 18.Nf4 Qf6 19.Bd4 Rfe8 20.Bxe4 g6 21.Nd5 Qd8 22.Qh4 g5
23.Qh5 fxe4 24.Rxe4 Re6 25.f4 f5 26.Rxe5  1-0

[Event "Tatry Open"]
[Site "High Tatras SVK"]
[Date "2001.09.29"]
[Round "1"]
[White "Bielczyk,J"]
[Black "Cvikl,M"]
[Result "1-0"]
[WhiteElo "2359"]
[BlackElo "2038"]

1.e4 d5 2.exd5 Qxd5 3.Nc3 Qd6 4.d4 Nf6 5.h3 c6 6.Nf3 Bf5 7.Bc4 e6 8.O-O Be7
9.Re1 O-O 10.Bb3 Na6 11.Ne2 h6 12.Ne5 Nc7 13.c3 Qd8 14.Nf4 Nfd5 15.Nfd3 Rc8
16.Qf3 Bd6 17.Bd2 Bh7 18.Rad1 Qf6 19.Qe2 Qd8 20.Bc1 Na6 21.a3 Bb8 22.Qh5 Qc7
23.Nf4 Nf6 24.Qf3 Qb6 25.Ba2 Nd5 26.Nd7 Qc7 27.Nxf8 Rxf8 28.g3 g5 29.Nd3 Qd6
30.Ne5 Ne7 31.Ng4  1-0

[Event "Tatry Open"]
[Site "High Tatras SVK"]
[Date "2001.09.30"]
[Round "2"]
[White "Schwarz,D"]
[Black "Hasangatin,R"]
[Result "0-1"]
[WhiteElo "2157"]
[BlackElo "2482"]

1.e4 d5 2.exd5 Qxd5 3.Nc3 Qd6 4.d4 Nf6 5.Bc4 a6 6.Nf3 Bg4 7.h3 Bh5 8.g4 Bg6
9.Qe2 b5 10.Bd3 Bxd3 11.Qxd3 Nbd7 12.a4 b4 13.Ne2 c5 14.dxc5 Qxd3 15.cxd3 Nxc5
16.Ne5 Nfd7 17.d4 Nxe5 18.dxe5 Nd3+ 19.Kf1 Nxe5 20.Kg2 Rd8 21.b3 e6 22.Be3 h5
23.gxh5 Rxh5 24.Ng3 Rh8 25.Rac1 Ng6 26.Rc6 Nh4+ 27.Kh2 Bd6 28.Rxa6 Nf5 29.Rc1 Bxg3+
30.fxg3 Nxe3  0-1

[Event "ch-SLO"]
[Site "Grize SLO"]
[Date "2001.10.05"]
[Round "5"]
[White "Podlesnik,B"]
[Black "Grosar,A"]
[Result "1/2-1/2"]
[WhiteElo "2393"]
[BlackElo "2442"]

1.e4 d5 2.exd5 Qxd5 3.Nc3 Qd6 4.Bc4 Nf6 5.Nge2 a6 6.d3 b5 7.Bb3 Bb7 8.O-O Nbd7
9.Ng3 e6 10.Qe2 Be7 11.Nce4  1/2-1/2

[Event "Tatry Open"]
[Site "High Tatras SVK"]
[Date "2001.10.05"]
[Round "8"]
[White "Bielczyk,J"]
[Black "Hasangatin,R"]
[Result "1/2-1/2"]
[WhiteElo "2359"]
[BlackElo "2482"]

1.e4 d5 2.exd5 Qxd5 3.Nc3 Qd6 4.d4 Nf6 5.h3 a6 6.Nf3 Nbd7 7.g3 b5 8.Bg2 Bb7
9.O-O e6 10.Re1 Be7 11.a4 b4 12.Bf4 Qb6 13.a5 Qa7 14.Na4 Nd5 15.Bd2 c5 16.c4 bxc3
17.bxc3 cxd4 18.Nxd4 O-O 19.Rb1  1/2-1/2

[Event "TCh-BUL"]
[Site "Pamporovo BUL"]
[Date "2001.10.06"]
[Round "5"]
[White "Pelitov,D"]
[Black "Panbukchian,V"]
[Result "0-1"]
[WhiteElo "2206"]
[BlackElo "2322"]

1.e4 d5 2.exd5 Qxd5 3.Nc3 Qd6 4.d4 Nf6 5.Nf3 a6 6.Bc4 b5 7.Bb3 e6 8.Bg5 Nbd7
9.Qe2 Bb7 10.O-O Be7 11.Rfe1 O-O 12.Rad1 Rfe8 13.a3 Bf8 14.Bh4 Rac8 15.Ne5 c5
16.Nxd7 Nxd7 17.dxc5 Qc6 18.Qg4 Nxc5 19.Ba2 a5 20.Ne2 Qe4 21.Qh3 b4 22.Rd4 Qf5
23.axb4 Qxh3 24.gxh3 axb4 25.Nc1 Na4 26.Nd3 h6 27.Bb3 Nc5 28.Nxc5 Bxc5 29.Rd2 Bc6
30.Bg3 Red8 31.Bf4 g5 32.Rxd8+ Rxd8 33.Bc1 Kg7  0-1

[Event "TCh-BUL w"]
[Site "Pamporovo BUL"]
[Date "2001.10.08"]
[Round "7"]
[White "Dimitrova,L"]
[Black "Jovkova Draganova,P"]
[Result "0-1"]
[WhiteElo "2123"]
[BlackElo "2082"]

1.e4 d5 2.exd5 Qxd5 3.Nc3 Qd6 4.d4 Nf6 5.Be2 a6 6.Nf3 Nc6 7.O-O Bf5 8.a3 O-O-O
9.Be3 e5 10.dxe5 Nxe5 11.Qxd6 Bxd6 12.Rac1 Nxf3+ 13.Bxf3 Be5 14.Ne2 Bg4 15.c3 Bxf3
16.gxf3 Nd5 17.Rfd1 Rhe8 18.Bg5 f6 19.Be3 g5 20.Rd3 Nxe3 21.Rxe3 Rd2 22.Rb1 Bxh2+
23.Kxh2 Rxe3 24.fxe3 Rxe2+ 25.Kg3 Rxe3 26.Rh1 Re7 27.Kg4 Kd7 28.Kf5 Rf7 29.Re1 b5
30.Re2 Re7 31.Rd2+ Kc6 32.Kxf6 Re3 33.Kxg5 Rxf3 34.Kg4 Rf7 35.Rh2 Kc5 36.b3 c6
37.Rh5+ Kb6 38.Rh6 a5 39.Rh3 a4 40.bxa4 bxa4 41.Rh5 Rd7 42.Kf4 Rd3 43.Ke4 Rxc3
44.Rxh7 Rxa3  0-1

[Event "TCh-ESP"]
[Site "Cala Galdana ESP"]
[Date "2001.10.13"]
[Round "1"]
[White "Romero Holmes,A"]
[Black "Gonzalez Velez,F"]
[Result "1-0"]
[WhiteElo "2461"]
[BlackElo "2379"]

1.e4 d5 2.exd5 Qxd5 3.Nc3 Qd6 4.d4 Nf6 5.g3 a6 6.Bg2 h5 7.Nf3 Bg4 8.h3 Bxf3
9.Qxf3 c6 10.Be3 g6 11.d5 Bg7 12.O-O-O c5 13.g4 hxg4 14.hxg4 Rxh1 15.Bxh1 Nbd7
16.Bf4 Ne5 17.Ne4 Nxe4 18.Qxe4 O-O-O 19.g5 Rh8 20.Bg3 Rh5 21.f4 Nd7 22.Bf3 Rh8
23.c3 f5 24.gxf6 Nxf6 25.Qxg6 Bh6 26.Qf5+ Kb8 27.Kb1 Rf8 28.Qe5 Ne8 29.Bh5 Bxf4
30.Bxf4 Rxf4 31.Qh8  1-0

[Event "World Teams"]
[Site "Yerevan ARM"]
[Date "2001.10.13"]
[Round "2"]
[White "Baklan,V"]
[Black "Arencibia,W"]
[Result "1-0"]
[WhiteElo "2590"]
[BlackElo "2533"]

1.e4 d5 2.exd5 Qxd5 3.Nc3 Qd6 4.d4 Nf6 5.Bc4 a6 6.Nf3 b5 7.Bb3 c5 8.dxc5 Qxd1+
9.Nxd1 e6 10.Be3 Nfd7 11.c3 Nxc5 12.Bc2 Bb7 13.b4 Ne4 14.a4 Nd7 15.axb5 axb5
16.Rxa8+ Bxa8 17.O-O e5 18.Re1 Be7 19.Bf4 Nxf2 20.Nxf2 exf4 21.Bd3 Nb6 22.Bxb5+ Kd8
23.Nd3 Bf6 24.c4 g5 25.Nfe5 Rf8 26.c5 Nd5 27.Ra1 Nc7 28.Bc4 Be4 29.Re1 Bd5
30.Bxd5 Nxd5 31.b5 Kc8 32.Ra1 Bd8 33.Nc6 f6 34.Ndb4 Nxb4 35.Nxb4 Be7 36.Kf1 Kd7
37.c6+ Kd6 38.Re1  1-0

[Event "TCh-ESP"]
[Site "Cala Galdana ESP"]
[Date "2001.10.14"]
[Round "2"]
[White "Paramos Dominguez,R"]
[Black "Garcia Ilundain,D"]
[Result "1/2-1/2"]
[WhiteElo "2434"]
[BlackElo "2467"]

1.e4 d5 2.exd5 Qxd5 3.Nc3 Qd8 4.d4 Nf6 5.Nf3 c6 6.Bc4 Bf5 7.Ne5 e6 8.g4 Bg6
9.h4 Bb4 10.f3 Nd5 11.Bxd5 cxd5 12.h5 f6 13.hxg6 fxe5 14.gxh7 Nc6 15.dxe5 Qb6
16.Kf1 O-O-O 17.Kg2 Nxe5 18.Qe2 Ng6  1/2-1/2

[Event "YM"]
[Site "Zug SUI"]
[Date "2001.10.16"]
[Round "8"]
[White "De Vreugt,D"]
[Black "Forster,R"]
[Result "1-0"]
[WhiteElo "2437"]
[BlackElo "2462"]

1.e4 d5 2.exd5 Qxd5 3.Nc3 Qd8 4.d4 c6 5.Bc4 Bf5 6.g4 Bg6 7.Nge2 e6 8.h4 Bb4
9.h5 Be4 10.Rh3 Bg2 11.Rg3 Bd5 12.Bd3 Nd7 13.Bf4 Ne7 14.a3 Bxc3+ 15.Nxc3 c5
16.Nb5 O-O 17.Bc7 Qc8 18.Bd6 Qd8 19.dxc5 b6 20.cxb6 Nxb6 21.h6 Re8 22.Qd2 Nc4
23.Bxc4 a6 24.Bc7 Qd7 25.Be5 axb5 26.Bd3 f6 27.Bc3 b4 28.Bxb4 g6 29.O-O-O Reb8
30.c4 Nc6 31.Bc3 Rxa3 32.bxa3 Qa7 33.Qa2 Na5 34.Bxa5 Qxa5 35.cxd5 Qc5+ 36.Bc2 Qxf2
37.Rb3  1-0

[Event "6th Wichern Open"]
[Site "Hamburg GER"]
[Date "2001.10.17"]
[Round "5"]
[White "Visweswaran,K"]
[Black "Groeppel,P"]
[Result "1-0"]
[WhiteElo "2338"]
[BlackElo "2144"]

1.e4 d5 2.exd5 Qxd5 3.Nc3 Qd6 4.d4 Nf6 5.Nge2 e5 6.dxe5 Qxe5 7.Bf4 Qa5 8.Qd2 Bb4
9.Qe3+ Be6 10.O-O-O O-O 11.Qe5 c5 12.Qc7 Qxc7 13.Bxc7 Nc6 14.a3 Ba5 15.Bd6 Rfd8
16.Bxc5 Rxd1+ 17.Kxd1 a6 18.h3 Rd8+ 19.Kc1 Bc7 20.g3 b6 21.Be3 Nd5 22.Nxd5 Bxd5
23.Rg1 Bf3 24.Nc3 b5 25.Be2 Bxe2 26.Nxe2 Be5 27.c3 f5 28.Kc2 Kf7 29.Nc1 Bf6
30.Nd3 Rc8 31.Rd1 a5 32.Nf4 b4 33.axb4 axb4 34.Nd5 Be5 35.Nb6 Rc7 36.Nd7 bxc3
37.Nxe5+ Nxe5 38.bxc3 Nc4 39.Bd4 g5 40.Ra1 f4 41.gxf4 gxf4 42.Ra6  1-0

[Event "World Seniors"]
[Site "Arco ITA"]
[Date "2001.10.18"]
[Round "2"]
[White "Klovans,J"]
[Black "Franck,R"]
[Result "1-0"]
[WhiteElo "2420"]
[BlackElo "2195"]

1.e4 d5 2.exd5 Qxd5 3.Nc3 Qd8 4.d4 c6 5.Nf3 Nf6 6.Bc4 e6 7.O-O Be7 8.Qe2 O-O
9.Bd2 a5 10.a4 Na6 11.Rad1 Nb4 12.Bc1 Nbd5 13.Ne5 Qe8 14.Rd3 Nb6 15.Bb3 Nfd5
16.Rh3 f6 17.Qe4 f5 18.Qe2 Bf6 19.Re1 Qe7 20.Qh5 g6 21.Qe2 Re8 22.Bh6 Bg7
23.Qd2 Bxh6 24.Qxh6 Qg7 25.Qd2 Re7 26.Rg3 Nd7 27.Nxd5 exd5 28.Rge3 Nf6 29.f3 f4
30.R3e2 g5 31.c4 Bf5 32.g4 Bg6 33.h4 Bf7 34.Nxf7 Rxf7 35.hxg5 Qxg5 36.Re5 Qh4
37.Qf2 Qxf2+ 38.Kxf2 Rd8 39.c5 h6 40.Bc2 Kg7 41.Re6 Rb8 42.b3 Rh8 43.R1e5 h5
44.Rg5+ Kf8 45.gxh5 Nxh5 46.Bg6 Ng3 47.Bxf7 Kxf7 48.Rge5 Rh2+ 49.Kg1 Rb2
50.Re7+ Kf6 51.Rxb7 Ne2+ 52.Rxe2 Rxe2 53.Rb6 Rd2 54.Rxc6+ Kg5 55.Rc8 Rxd4
56.c6  1-0

[Event "YM"]
[Site "Zug SUI"]
[Date "2001.10.18"]
[Round "10"]
[White "Kritz,L"]
[Black "Medvegy,Z"]
[Result "1/2-1/2"]
[WhiteElo "2418"]
[BlackElo "2487"]

1.e4 d5 2.exd5 Qxd5 3.Nc3 Qd6 4.d4 Nf6 5.Nb5 Qd8 6.c4 c6 7.Nc3 Bf5 8.Nf3 e6
9.Be2 Ne4 10.Nxe4 Bxe4 11.O-O Be7 12.Ne5 O-O 13.f3 Bg6 14.Be3 Qc7 15.Nxg6 hxg6
16.Qd2 Nd7 17.Rad1 Rad8 18.Qc3 Nf6 19.g3 Rd7 20.Bf2 Rfd8 21.Rd2 Qb6 22.a3 c5
23.dxc5 Bxc5 24.Rxd7 Bxf2+ 25.Rxf2 Rxd7 26.Kg2 g5 27.b4 g4 28.Qe5 Rd2 29.c5 Qc6
30.Kg1 Qd5 31.Qxd5 Nxd5 32.Bb5 Rd1+ 33.Rf1 Rd4 34.fxg4 Nc3 35.Be8 f6 36.Re1 e5
37.g5 Kf8 38.Bg6 Ke7 39.Re3 Nd5 40.Rd3 fxg5 41.Kf2 Kf6 42.Rxd4 exd4 43.Be4 Ke5
44.Bd3 Nc3 45.Kf3 a6 46.c6 bxc6 47.Bxa6 g4+ 48.Kxg4 Ke4 49.Bc4 d3 50.Kg5 d2
51.Bb3 Kd3 52.Kg6 Nd5 53.Bd1  1/2-1/2

[Event "Essent Open"]
[Site "Hoogeveen NED"]
[Date "2001.10.19"]
[Round "8"]
[White "Klinova,M"]
[Black "Gofshtein,Z"]
[Result "0-1"]
[WhiteElo "2407"]
[BlackElo "2513"]

1.e4 d5 2.exd5 Qxd5 3.Nc3 Qd6 4.d4 Nf6 5.Nf3 a6 6.g3 Bg4 7.Bg2 Nc6 8.Bf4 Qb4
9.O-O O-O-O 10.d5 e5 11.Bd2 Nd4 12.h3 Bxf3 13.Bxf3 Qxb2 14.Bg2 Qxc2 15.Qe1 Bb4
16.Rc1 Qd3 17.Kh2 Rhe8 18.Qd1 e4 19.Nxe4 Bxd2 20.Nxd2 Ne2 21.Rc5 h5 22.Nb1 Qf5
23.Qb3 Ng4+ 24.Kh1 Nxf2+ 25.Rxf2 Qxf2 26.d6 Qg1+  0-1

[Event "TCh-CZE 2001-2"]
[Site "CZE"]
[Date "2001.10.20"]
[Round "1"]
[White "Sluka,R"]
[Black "Nedela,V"]
[Result "1-0"]
[WhiteElo "2336"]
[BlackElo "2380"]

1.e4 d5 2.exd5 Qxd5 3.Nc3 Qd6 4.d4 c6 5.Nge2 Nf6 6.Bf4 Qb4 7.Qc1 Be6 8.a3 Qa5
9.b4 Qd8 10.g3 Nbd7 11.Bg2 Nb6 12.O-O Bc4 13.Re1 e6 14.Be5 Be7 15.Nd1 O-O
16.Ne3 Nfd5 17.Nxc4 Nxc4 18.c3 a5 19.Qc2 Bg5 20.Qd3 b5 21.h4 Bd2 22.Rf1 Bh6
23.Kh2 f6 24.Bf4 Bxf4 25.Nxf4 Nxf4 26.gxf4 Qd6 27.Qg3 f5 28.Rg1 Ra7 29.bxa5 Rf6
30.h5 Nxa5 31.a4 Nb3 32.Ra2 bxa4 33.Bf1 a3 34.Qe3 Rh6 35.Rg5 Na5 36.c4 Nb7
37.Bg2 Nd8 38.d5 Re7 39.c5 Qb8 40.d6 Ra7 41.Rxa3 Rxa3 42.Qxa3 Nf7 43.Bf3 g6
44.Qe3 Qb4 45.d7 Nd8 46.Kg2 Kf7 47.Qe5 Qd2 48.Qh8  1-0